000 00369nam a2200145Ia 4500
008 231129s1994||||xx |||||||||||||| ||spa||
020 _a958-13-2310-6
040 _bspa
082 _a792 S786c
100 _aStanislavsky Constantin
245 0 _aCreacion de un personaje
260 _c1994
264 _aDiana
942 _2ddc
_cBKS
999 _c8184
_d8184